| 000 | 00653nam a2200169 i 4500 | ||
|---|---|---|---|
| 001 | 25942 | ||
| 003 | ES-MaACL | ||
| 005 | 20230906153347.0 | ||
| 007 | t| | ||
| 008 | 030107s1892 sp ||||1| spa d | ||
| 110 | 2 |
_aAsociación de Propietarios de Madrid. _9157279 |
|
| 245 | 1 | 0 |
_aEstatutos y reglamentos de la Asociación de Propietarios de Madrid aprobados por la Junta General en los días 10, 11 y 17 de enero de 1892 / _cAsociación de Propietarios de Madrid. |
| 260 |
_aMadrid : _bGómez Fuentenebro, _c1892. |
||
| 300 |
_a16 p. ; _c24 cm. |
||
| 610 | 2 | 4 |
_aAsociación de Propietarios de Madrid- _vEstatutos. _9157280 |
| 852 |
_aES-MaACL _jF-Laf-171 |
||
| 999 |
_c25942 _d25942 |
||